| 000 | 00617nam a2200193 i 4500 | ||
|---|---|---|---|
| 001 | 134826 | ||
| 003 | ES-MaACL | ||
| 005 | 20231204174649.0 | ||
| 007 | t| | ||
| 008 | 070629s1932 sp ||||1| spa d | ||
| 100 | 1 |
_aTieghem, Paul van. _9110231 |
|
| 245 | 1 | 0 |
_aCompendio de historia literaria de Europa desde el Renacimiento / _cPaul van Tieghen ; traducción de José Quiroga Plá. |
| 250 | _a1ª ed. | ||
| 260 |
_aMadrid : _bEspasa Calpe, _c1932. |
||
| 300 |
_a283 p. ; _c21 cm. |
||
| 700 | 1 |
_aQuiroga Plá, José María, _d1902-1955 _994784 |
|
| 852 |
_aES-MaACL _jA-1400 _bR.11842 |
||
| 999 |
_c134826 _d134826 |
||